Statystyki dla Największe Państwa ZSRR (W kolejności)

Kliknij tutaj aby rozwiązać quiz!

Ogólne statystyki

  • Ten quiz został rozwiązany 74 razy
  • Średni wynik to 13 z 15

Statystyki odpowiedzi

KontynentPaństwo% Poprawnych
Europa/AzjaRosja
100%
Azja/EuropaKazachstan
99%
EuropaUkraina
99%
EuropaBiałoruś
91%
EuropaEstonia
84%
EuropaLitwa
84%
EuropaŁotwa
84%
AzjaTurkmenistan
84%
AzjaKirgistan
81%
EuropaMołdawia
81%
AzjaUzbekistan
80%
AzjaAzerbejdżan
78%
AzjaGruzja
78%
AzjaTadżykistan
78%
AzjaArmenia
77%

Rozkład punktacji

Percentyl według liczby udzielonych odpowiedzi

Procent ludzi z każdym wynikiem

Twoja historia wyników

Nie rozwiązałeś tego quizu